Capacidad explicativa de un modelo de competencias socioemocionales asociadas al uso de drogas en jóvenes estudiantes de educación media básica (Record no. 205302)

MARC details
000 -CABECERA
campo de control de longitud fija 02671cab a2200337 ab4500
005 - FECHA Y HORA DE LA ÚLTIMA TRANSACCIÓN
campo de control 20250523114655.0
008 - ELEMENTOS DE LONGITUD FIJA--INFORMACIÓN GENERAL
campo de control de longitud fija 991125c2018 mx fr p o 000 0 spa d
035 ## - NÚMERO DE CONTROL DEL SISTEMA
Número de control de sistema UPN01000233207
040 ## - FUENTE DE LA CATALOGACIÓN
Centro catalogador/agencia de origen MX-MxUPN
Lengua de catalogación spa
Centro/agencia transcriptor MX-MxUPN
Normas de descripción aacr2
049 ## - COLECCIÓN
Colección ART-E
100 1# - ASIENTO PRINCIPAL--NOMBRE PERSONAL
Nombre de persona Díaz Negrete, David Bruno
100 1# - ASIENTO PRINCIPAL--NOMBRE PERSONAL
Nombre de persona Zapata Tellez, Jessica
100 1# - ASIENTO PRINCIPAL--NOMBRE PERSONAL
Nombre de persona Castillo Franco, P. Isaias
100 1# - ASIENTO PRINCIPAL--NOMBRE PERSONAL
Nombre de persona López Granados, Loudes María
100 1# - ASIENTO PRINCIPAL--NOMBRE PERSONAL
Nombre de persona Córdova Alcaráz, Alberto J.
100 1# - ASIENTO PRINCIPAL--NOMBRE PERSONAL
Nombre de persona Fernández Cáceres, Carmen
9 (RLIN) 36932
245 10 - MENCIÓN DE TÍTULO
Título Capacidad explicativa de un modelo de competencias socioemocionales asociadas al uso de drogas en jóvenes estudiantes de educación media básica
Medio [recurso electrónico en línea]
506 0# - NOTA DE RESTRICCIONES AL ACCESO
Limitaciones de acceso Acceso abierto
520 3# - NOTA DE RESUMEN, ETC.
Sumario, etc. Introducción: las competencias socioemocionales integran conocimientos, actitudes y habilidades para el manejo de afectos, entablar relaciones interpersonales y tomar decisiones responsables, entre otros. El presente trabajo tuvo como objetivo estimar la capacidad explicativa de un modelo de competencias socioemocionales respecto al consumo de drogas en estudiantes de educación secundaria. Método: estudio ex post facto, con comparación de una muestra de 512 estudiantes distribuidos en dos grupos: usuarios y no usuarios de drogas alguna vez en la vida. Se aplicó un cuestionario que incluyó escalas de inadecuada regulación emocional, bajo control conductual, toma irreflexiva de decisiones, dificultad para el establecimiento de relaciones positivas con pares y para el ajuste escolar. Se analizaron diferencias de medias y se aplicó un modelo de regresión logística, incluyendo estas variables como predictores del uso de drogas. Resultados: se identificaron como predictores significativos del uso experimental de drogas, una inadecuada regulación emocional, un deficiente ajuste escolar y un bajo control conductual. Discusión: los hallazgos obtenidos corroboran la relación existente entre competencias socioemocionales deficitarias y uso de sustancias reportado en otros estudios y proporcionan una base empírica para el desarrollo de programas preventivos dirigidos al medio escolar. RIIA
653 0# - TERMINO DE INDIZACION - NO CONTROLADO
Término no controlado Consumo de drogas
653 0# - TERMINO DE INDIZACION - NO CONTROLADO
Término no controlado Regulación emocional
653 0# - TERMINO DE INDIZACION - NO CONTROLADO
Término no controlado Control conductual
653 0# - TERMINO DE INDIZACION - NO CONTROLADO
Término no controlado Ajuste escolar
653 0# - TERMINO DE INDIZACION - NO CONTROLADO
Término no controlado Estudiantes
773 ## - ENLACE AL DOCUMENTO FUENTE/ENTRADA DE REGISTRO ANFITRIÓN
Parte(s) relacionada(s) Vol. 4, no. 2, (2018), p. 25-32
Título Revista internacional de investigación en adicciones
Número Internacional Normalizado para Publicaciones Seriadas 2448-6396
856 4# - LOCALIZACIÓN Y ACCESO ELECTRÓNICOS
Identificador Uniforme del Recurso <a href="http://riiad.org/index.php/riiad/article/view/riiad.2018.2.04/243">http://riiad.org/index.php/riiad/article/view/riiad.2018.2.04/243</a>
856 4# - LOCALIZACIÓN Y ACCESO ELECTRÓNICOS
Identificador Uniforme del Recurso <a href="https://doi.org/10.28931/riiad.2018.2.04">https://doi.org/10.28931/riiad.2018.2.04</a>
902 ## - ELEMENTOS DE DATOS B LOCAL, LDB (RLIN)
Creó Leonor Sotres/230525
905 ## - TIPO DE MATERIAL
Tipo de material Articulo
942 ## - ELEMENTOS DE PUNTO DE ACCESO ADICIONAL (KOHA)
Tipo de ítem Koha Artículo Electrónico
Holdings
Estado de retiro Estado de pérdida Estado dañado No para préstamo Código de colección Localización permanente Ubicación/localización actual Ubicación en estantería Fecha de adquisición Total de préstamos Fecha visto por última vez Identificador Uniforme del Recurso Precio válido a partir de Tipo de ítem Koha
        Acceso abierto Bib. Gregorio Torres Quintero Bib. Gregorio Torres Quintero En línea 23/05/2025   23/05/2025 https://riiad.org/index.php/riiad/article/view/riiad.2018.2.04 23/05/2025 Artículo Electrónico